000 00444nam a2200181Ia 4500
008 170705s9999 xx 000 0 und d
020 _a9780545377614
245 _aSchool hasn't this gone on long enough? /
245 _cJamie Kelly.
260 _aNew York :
260 _bScholastic,
260 _c2012
300 _a134 pages :
300 _bcolor illustration ;
300 _c19cm.
440 _aDear dumb diary ;
500 _a940
999 _c336605
_d336605